El galán invisible (Record no. 179924)

MARC details
000 -LEADER
campo de control de longitud fija 01076nam a22002535i 4500
001 - NÚMERO DE CONTROL
campo de control 179924
003 - IDENTIFICADOR DE NÚMERO DE CONTROL
campo de control ES-MaACL
005 - FECHA Y HORA DE LA ÚLTIMA TRANSACCIÓN
campo de control 20230906220936.0
008 - DATOS DE LONGITUD FIJA--INFORMACIÓN GENERAL
campo de control de longitud fija 120229s1843 sp |||| | spa d
040 ## - FUENTE DE CATALOGACIÓN
Centro catalogador/agencia de origen CAM
Lengua de catalogación spa
Centro/agencia transcriptor CAM
080 ## - NÚMERO DE LA CLASIFICACIÓN DECIMAL UNIVERSAL
Número de la Clasificación Decimal Universal 821.133.1-23"18"
100 1# - ENTRADA PRINCIPAL--NOMBRE DE PERSONA
Nombre de persona Mélesville (
Fechas asociadas al nombre 1787-1865)
9 (RLIN) 149489
245 13 - MENCIÓN DEL TÍTULO
Título El galán invisible
Resto del título : comedia en dos actos /
Mención de responsabilidad, etc. escrita en francés por Melesville ; (traducida por A. García Gutiérrez).
260 ## - PUBLICACIÓN, DISTRIBUCIÓN, ETC.
Lugar de publicación, distribución, etc. Madrid :
Nombre del editor, distribuidor, etc. [s.a.,
Fecha de publicación, distribución, etc. s.a.] (
Fabricante Imprenta de Joaquín Merás y compañía)
300 ## - DESCRIPCIÓN FÍSICA
Extensión 26 p. ;
Dimensiones 25 cm.
490 1# - MENCIÓN DE SERIE
Mención de serie Museo dramático
500 ## - NOTA GENERAL
Nota general Representada por primera vez en Madrid en el teatro de la Cruz el día 18 de diciembre de 1843.
594 ## - Nota al título y mención de responsabilidad
Nota al título y mención de responsabilidad Título y autores tomados de principio del texto.
596 ## - NOTA AL PIE DE IMPRENTA
NOTA AL PIE DE IMPRENTA Pie de imp. tomado de colofón.
700 1# - ENTRADA AGREGADA--NOMBRE PERSONAL
Nombre de persona García Gutiérrez, Antonio,
Fechas asociadas al nombre 1813-1884
9 (RLIN) 54743
830 0# - PUNTO DE ACCESO ADICIONAL DE SERIE-TÍTULO UNIFORME
Título uniforme Museo dramático
9 (RLIN) 187645
852 ## - LOCALIZACIÓN
Ubicación ES-MaACL
Número de control de estantería F-7489(19)
Nota libre .- Enc. hol. -- Falto de la port. y la cub. original -- Enc. en un vol. facticio
Holdings
Estatus retirado Estado de pérdida Estado de daño No para préstamo Biblioteca de origen Biblioteca actual Ubicación en estantería Fecha de adquisición Fuente de adquisición Total de préstamos Signatura topográfica completa Código de barras Visto por última vez Precio de reemplazo Tipo de ítem Koha
        Biblioteca del Ateneo de Madrid Biblioteca del Ateneo de Madrid Depósito 2 29/02/2012     F-7489(19) 1189020 23/02/2023 23/02/2023 Libro impreso